Statistics for Stan-Countries Multiple Choice

Click here to take the quiz!

General Stats

  • This quiz has been taken 46 times
  • The average score is 13 of 20

Answer Stats

QuestionAnswer% Correct
Has the highest population.Pakistan
100%
Was ruled by the Taliban from 1996 to 2001.Afghanistan
98%
Is the largest.Kazakhstan
95%
Produces 90% of the world's opium.Afghanistan
93%
Claims Jammu and Kashmir.Pakistan
90%
It's flag is mainly red.Kyrgyzstan
78%
Borders the most other Stan countries.Uzbekistan
75%
Its capital is Ashgabat.Turkmenistan
75%
Is not landlocked.Pakistan
75%
Is a double landlocked country. (It is surrounded by landlocked countries.)Uzbekistan
73%
Its capital was named after its former president.Kazakhstan
68%
Is partly in Europe.Kazakhstan
65%
Has the highest HDI.Kazakhstan
60%
Is the smallest.Tajikistan
58%
It's former leader made money laundering legal and was immune to criminal prosecution.Kazakhstan
48%
Its capital is called Monday in their language.Tajikistan
40%
Has the most stars on its flag.Uzbekistan
30%
Cyrillic is the only official script.Kyrgyzstan and Tajikistan
20%
Has the lowest GDP (PPP).Kyrgyzstan
18%
Became independent from the Soviet Union first.Uzbekistan
10%

Score Distribution

Percentile by Number Answered

Percent of People with Each Score

Your Score History

You have not taken this quiz